000 01205cam a22003251 4500
001 23554
003 BD-RjUL
005 20211209000937.0
008 140311r19541980enkach 000 0 eng d
035 _a(BD-RjUL) 23619
035 _a(OCoLC)4606002
040 _aDLC
_cOCl
_dOCoLC
_dDLC
_dBD-RjUL
_beng
041 _aeng
082 0 0 _a820.9
_bAGE V-1 1980
245 1 4 _aThe age of Chaucer /
_c Ed, by Boris Ford
_nVolume I :
_pOf the Pelican Guide to English Literature
260 _aLondon :
_bBlackie and Son limited,
_c1954 [Reprinted 1980]
300 _a482p :
_billus., facsims. ;
_c19 cm.
490 0 _aRambles through history
500 _aIllustrated cover, in colors.
500 _aAn elementary book for supplementary reading.
600 1 0 _aChaucer, Geoffrey,
_d-1400
_xHomes and haunts
_zEngland.
_972514
650 0 _aPoets, English
_yMiddle English, 1100-1500
_vBiography.
_972502
651 0 _aEngland
_xSocial life and customs
_y1066-1485.
_972503
651 0 _aGreat Britain
_xHistory
_yMedieval period, 1066-1485.
_912704
651 0 _aEngland
_xIntellectual life
_y1066-1485.
_947758
700 1 _a Boris Ford
_972504
942 _2ddc
_cBK
999 _c23554
_d23554